000 00378nam a2200145Ia 4500
008 191201s2004 xx 000 0 und d
082 _a540
_bSIF
100 _aSINGH, S K
245 0 _aFundamentals of Engineering Chemistry: Theory and Practice
250 _a3rd
260 _aN.Delhi
_bNew Age International Pub
_c2004
300 _a374
650 _aApplied
942 _2ddc
_cBK
999 _c1416
_d1416